Score 0/18 Timer 01:00
0 Plays Today
% Correct
0~O~0~O~0~O~0~O~0~O~0~O~0
100%
0~O~0~O~0~O~0~O~0~O~0~O~0
100%
fasten
100%
simplicity
100%
region
100%
additionally
100%
celestial object
100%
couch
100%
destiny
100%
% Correct
assessment
100%
SOFA
68.5%
STAR
67.6%
FATE
65.9%
AREA
64.5%
ALSO
62.5%
TEST
60.8%
EASE
57.4%
SEAL
48.3%
Remove Ads.
Support Sporcle.
Get the best of Sporcle when you Go Orange. This ad-free experience offers more features, more stats, and more fun while also helping to support Sporcle. Thank you for becoming a member.

You're not logged in!

Compare scores with friends on all Sporcle quizzes.
OR
Log In

Show Comments

Extras

Top Quizzes Today


Score Distribution

Your Account Isn't Verified!

In order to create a playlist on Sporcle, you need to verify the email address you used during registration. Go to your Sporcle Settings to finish the process.

Report this User

Report this user for behavior that violates our Community Guidelines.

Details: